000 00673cam a2200229 a 4500
001 3032191
005 20231115022506.0
008 950223s1995 nyu b 001 0 eng
020 _a0415909368 (cloth)
020 _a0415909376 (pbk.)
040 _aDLC
_cDLC
_dDLC
082 0 0 _a305.42/01
_220
100 1 _aCode, Lorraine.
245 1 0 _aRhetorical spaces :
_bessays on gendered locations /
_cLorraine Code.
260 _aNew York :
_bRoutledge,
_c1995.
300 _axvii, 258 p. ;
650 0 _aFeminist theory.
650 0 _aKnowledge, Theory of.
700 _aCode, Lorraine.
856 4 2 _uhttp://www.loc.gov/catdir/enhancements/fy0651/95008037-d.html
942 _cL
999 _c17
_d17